Statistics for 20 Countries on a Topological Map #4

Click here to take the quiz!

General Stats

  • This quiz has been taken 1,315 times
  • The average score is 16 of 20

Answers on the Map

Answers color-coded by a green-red scale on the quiz's map according to % correct below.
 

Answer Stats

Country% Correct
Panama
93%
Germany
91%
El Salvador
90%
Venezuela
90%
Iraq
86%
Eswatini
83%
Monaco
82%
Tanzania
82%
United Arab Emirates
82%
Bulgaria
81%
Malaysia
81%
Myanmar
79%
North Korea
78%
Croatia
77%
Kazakhstan
76%
South Sudan
75%
Sweden
75%
Senegal
73%
Nigeria
72%
Benin
70%

Score Distribution

Percentile by Number Answered

Percent of People with Each Score

Your Score History

You have not taken this quiz